000 00219 a2200097 4500
001 13509
100 _aKintner W.R
245 _aThe new frontier of war
260 _aChicago
_bHenry regnery co
_c
090 _c10513
_d10513
942 _aNUST-CAE
_cM
_c574
999 _c248582
_d248582